| 000 | 00610nam a22001817a 4500 | ||
|---|---|---|---|
| 999 |
_c6673 _d6673 |
||
| 003 | GBCCL | ||
| 005 | 20241126110608.0 | ||
| 008 | 180523b ||||| |||| 00| 0 eng d | ||
| 040 | _cgbc | ||
| 082 |
_a220.52033 _bGOL |
||
| 245 |
_aThe golden concordance of the Holy Bible: _bKing James Version |
||
| 247 | _aA new concordance of the Holy Bible | ||
| 260 |
_aManila: _bO.M.F. Publishers, _c1960 |
||
| 300 |
_a482 p.; _c23 cm. |
||
| 500 | _aContaining a new selection of words, and some 70,000 context lines as guides to often-sought passages | ||
| 650 |
_aBible _vConcordance _xEnglish _911924 |
||
| 942 |
_2ddc _cREF |
||